书目信息 |
| 题名: |
英美编目条例第二版简介
|
|
| 作者: | Hunter , 亨特 著 ;孔宪铠 , 万培悌 译 | |
| 分册: | ||
| 出版信息: | 北京 书目文献出版社 1982 |
|
| 页数: | 170页 | |
| 开本: | 19cm | |
| 丛书名: | ||
| 单 册: | ||
| 中图分类: | G254.31 | |
| 科图分类: | ||
| 主题词: | 编目规则--美国 , 编目规则--英国 | |
| 电子资源: | ||
| ISBN: | ||
| 000 | 01018nam0 2200301 45 | |
| 001 | 0182003341 | |
| 005 | 20060809084504.46 | |
| 010 | @dCNY0.63 | |
| 091 | @a7201.28 | |
| 100 | @a19950613d1982 em y0chiy0121 ea | |
| 101 | 1 | @achi@ceng |
| 102 | @aCN@b110000 | |
| 105 | @ay z 000yy | |
| 200 | 10 | @a英美编目条例第二版简介@Aying mei bian mu tiao li di er ban jian jie@f(英)E.J.亨特(E.J. Hunter)著@g孔宪铠,万培悌译 |
| 210 | @a北京@c书目文献出版社@d1982 | |
| 215 | @a170页@d19cm | |
| 300 | @a书名原文:An Introduction to the Second Edition of Anglo-American Cataloguing Rules | |
| 510 | 1 | @aAn Introduction to the Second Edition of Anglo-American Cataloguing Rules@zeng |
| 606 | @a编目规则@y美国 | |
| 606 | @a编目规则@y英国 | |
| 690 | @aG254.31@v3 | |
| 701 | A1 | @aHunter@bE.J.@4著 |
| 701 | 1 | @a亨特@Aheng te@bE.J.@4著 |
| 702 | 0 | @a孔宪铠@Akong xian kai@4译 |
| 702 | 0 | @a万培悌@Awan pei ti@4译 |
| 801 | 2 | @aCN@bNLC@c20060809 |
| 801 | 0 | @aCN@b上海图书馆@c20040425 |
| 905 | @f2@b92431-432@dG254.31@e12 | |
| 英美编目条例第二版简介/(英)E.J.亨特(E.J. Hunter)著/孔宪铠,万培悌译.-北京:书目文献出版社,1982 |
| 170页;19cm |
| 书名原文:An Introduction to the Second Edition of Anglo-American Cataloguing Rules |
| ISBN :CNY0.63 |
| ● |
| 相关链接 |
|
|
|
|
正题名:英美编目条例第二版简介
索取号:G254.31/12
 
预约/预借
| 序号 | 登录号 | 条形码 | 馆藏地/架位号 | 状态 | 备注 |
| 1 | 0092431 | 000502496 | 密集书库/ [索取号:G254.31/12] | 在馆 | |
| 2 | 0092432 | 000502487 | 密集书库/ [索取号:G254.31/12] | 在馆 | |
| 3 | 0092433 | 000502478 | 第一样本阅览室/ [索取号:G254.31/12] | 在馆 | |
| 4 | 0448351 | 204483512 | 密集书库/ [索取号:G254.31/12] | 在馆 | |
| 5 | 0449928 | 204499284 | 密集书库/ [索取号:G254.31/12] | 在馆 |